00389 a2200145 4500003000400000005001700004008004100021020001800062040000900080082001800089100001900107245004100126260006200167300001400229OSt20250610140346.0250528b |||||||| |||| 00| 0 eng d a9789365693393 coclc a823.92bKOL/T aKoli, Prajakta aToo good to be true /cPrajakta Koli aHaryana:bHarperCollins Publishers India Pvt. Ltd.c2025. a310 pages